Steagurile Lumii - Statistics

General Stats
  • This quiz has been taken 111 times
    110 since last reset
  • The average score is 124 of 196
Answer Stats
Picture Answer % Correct
Africa de Sud
92%
Arabia Saudită
92%
Bulgaria
92%
Elveția
92%
Finlanda
92%
Georgia
92%
India
92%
Irlanda
92%
Israel
92%
Italia
92%
Japonia
92%
Maroc
92%
Mexic
92%
Moldova
92%
Norvegia
92%
România
92%
Statele Unite
92%
Albania
83%
Andorra
83%
Australia
83%
Belgia
83%
Brazilia
83%
Canada
83%
China
83%
Cipru
83%
Columbia
83%
Coreea de Nord
83%
Coreea de Sud
83%
Croația
83%
Egipt
83%
Estonia
83%
Franța
83%
Germania
83%
Grecia
83%
Kazahstan
83%
Kosovo
83%
Pakistan
83%
Portugalia
83%
Regatul Unit
83%
Rusia
83%
Serbia
83%
Slovacia
83%
Spania
83%
Suedia
83%
Turcia
83%
Ucraina
83%
Ungaria
83%
Vatican
83%
Angola
75%
Argentina
75%
Armenia
75%
Bosnia și Herțegovina
75%
Cehia
75%
Chile
75%
Ciad
75%
Danemarca
75%
Ecuador
75%
Filipine
75%
Iran
75%
Luxemburg
75%
Macedonia de Nord
75%
Nepal
75%
Noua Zeelandă
75%
Olanda
75%
Peru
75%
Polonia
75%
San Marino
75%
Slovenia
75%
Sri Lanka
75%
Thailanda
75%
Uganda
75%
Afganistan
67%
Algeria
67%
Austria
67%
Bangladesh
67%
Belarus
67%
Bhutan
67%
Cuba
67%
Etiopia
67%
Ghana
67%
Indonezia
67%
Iordania
67%
Islanda
67%
Jamaica
67%
Kenya
67%
Maldive
67%
Malta
67%
Monaco
67%
Mongolia
67%
Muntenegru
67%
Nigeria
67%
Panama
67%
Qatar
67%
Senegal
67%
Singapore
67%
Somalia
67%
Taiwan
67%
Tunisia
67%
Uruguay
67%
Venezuela
67%
Vietnam
67%
Bahrain
58%
Camerun
58%
Capul Verde
58%
Costa Rica
58%
Eritreea
58%
Fiji
58%
Haiti
58%
Irak
58%
Laos
58%
Letonia
58%
Liban
58%
Liberia
58%
Lituania
58%
Madagascar
58%
Mali
58%
Mozambic
58%
Niger
58%
Oman
58%
Paraguay
58%
Republica Democrată Congo
58%
Republica Dominicană
58%
Seychelles
58%
Siria
58%
Statele Federate ale Microneziei
58%
Turkmenistan
58%
Uzbekistan
58%
Antigua și Barbuda
50%
Azerbaidjan
50%
Benin
50%
Botswana
50%
Brunei
50%
Burkina Faso
50%
Burundi
50%
Cambodgia
50%
Coasta de Fildeș
50%
Comore
50%
Djibouti
50%
El Salvador
50%
Emiratele Arabe Unite
50%
Eswatini
50%
Gabon
50%
Guatemala
50%
Guineea
50%
Honduras
50%
Kuweit
50%
Lesotho
50%
Liechtenstein
50%
Malaezia
50%
Malawi
50%
Mauritania
50%
Papua Noua Guinee
50%
Republica Centrafricană
50%
Samoa
50%
Sfânta Lucia
50%
Sierra Leone
50%
Sudanul de Sud
50%
Surinam
50%
Tadjikistan
50%
Tanzania
50%
Togo
50%
Trinidad și Tobago
50%
Tuvalu
50%
Yemen
50%
Zambia
50%
Bahamas
42%
Barbados
42%
Belize
42%
Birmania
42%
Dominica
42%
Gambia
42%
Grenada
42%
Insulele Marshall
42%
Kiribati
42%
Libia
42%
Namibia
42%
Nicaragua
42%
Palau
42%
Rwanda
42%
Sudan
42%
Tonga
42%
Zimbabwe
42%
Guineea-Bissau
33%
Kârgâzstan
33%
Nauru
33%
Republica Congo
33%
São Tomé și Príncipe
33%
Sfântul Cristofor și Nevis
33%
Timorul de Est
33%
Vanuatu
33%
Bolivia
25%
Guineea Ecuatorială
25%
Insulele Solomon
25%
Mauritius
25%
Sfântul Vicențiu și Grenadine
25%
Guyana
17%
No matching quizzes found
Score Distribution
Percent of People with Each Score
Percentile by Number Answered
Your Score History
You have not taken this quiz since the last reset